Ian Somerhalder Filmography - Statistics

General Stats
  • This quiz has been taken 25 times
    22 since last reset
  • The average score is 6 of 34
Answer Stats
Year role TV or Movie % Correct
2009-2017 Damon Salvatore The Vampire Diaries
94%
2004-2010 Boone Carlyle Lost
72%
2019 Dr. Luther Swann V-Wars
56%
2001 Josh Life as a House
39%
2004 Adam Knight Smallville
33%
2007 Marco Polo Marco Polo
28%
2003 Ricky Murdoch CSI: Miami
17%
2009 Lee Cooper Fireball
17%
2006 Dexter Pulse
17%
2013 Officer Lewis Caught on Tape
11%
2002 Jason Kelly Changing Hearts
11%
2004 Jordan Gracie Fearless
11%
2004 Danny Miller In Enemy Hands
11%
2003 Charlie Baker Law & Order: Special Victims Unit
11%
2007 Nick Tell Me You Love Me
11%
2014 Harkin Langham The Anomaly
11%
2008 William Archer The Lost Samaritan
11%
2002 Paul Denton The Rules of Attraction
11%
2009 Tyler Wake
11%
2000 Hamilton Fleming Young Americans
11%
2002 Tony Del Nagro CSI: Crime Scene Investigation
6%
2010 Daniel Meltzer How to Make Love to a Woman
6%
2014 Coral Reef Nature is Speaking
6%
1999 Brian Now and Again
6%
2004 Cooley Recess
6%
1997 I.Q The Big Easy
6%
2008 Jack Kubiak The Lost City Raiders
6%
2004 Matt The Old Man and the Studio
6%
2006 Drifter The Sensation of Sight
6%
2009 Miles Slade The Tournament
6%
2017 or 2018 Agent Truman Black Time Framed
6%
2001 Russell Henderson Anatomy of a Hate Crime
0%
2016 video short narrator? Swimming With Wild Dolphins in 360 Virtual Reality: The Dolphin Project
0%
2006 Guy TV: The Movie
0%
No matching quizzes found
Score Distribution
Percent of People with Each Score
Percentile by Number Answered
Your Score History
You have not taken this quiz since the last reset